Vista normal
Vista MARC
- Gratry, A.
Entrada Personal Name
Número de registros utilizados en: 1
001 - CONTROL NUMBER
- control field: 3056
003 - CONTROL NUMBER IDENTIFIER
- control field: IT-RoINE
005 - DATE AND TIME OF LATEST TRANSACTION
- control field: 20140117161000.0
008 - FIXED-LENGTH DATA ELEMENTS
- fixed length control field: 140117|| aca||aabn | a|a d
040 ## - CATALOGING SOURCE
- Original cataloging agency: IT-RoINE
- Transcribing agency: IT-RoINE
100 ## - HEADING--PERSONAL NAME
- Personal name: Gratry, A.
- Fuller form of name: (Auguste Joseph Alphonse),
- Dates associated with a name: 1805-1872
670 ## - SOURCE DATA FOUND
- Source citation: Work cat.: (IT-RoINE)0: Gratry, A. (Auguste Joseph Alphonse), 1805-1872, El conocimiento de Dios /, 1941.